Impact of usage of smart phone and social media on interpersonal communication and officers - men relatioship of Indian army (Record no. 509543)

000 -LEADER
fixed length control field 00534nam a22001337a 4500
082 ## - DEWEY DECIMAL CLASSIFICATION NUMBER
Classification number APPPA 2018-19\SIN
100 ## - MAIN ENTRY--PERSONAL NAME
Personal name Singh, Jagroop
9 (RLIN) 5513
245 ## - TITLE STATEMENT
Title Impact of usage of smart phone and social media on interpersonal communication and officers - men relatioship of Indian army
Statement of responsibility, etc by Jagroop Singh
260 ## - PUBLICATION, DISTRIBUTION, ETC. (IMPRINT)
Place of publication, distribution, etc New Delhi
Name of publisher, distributor, etc Indian Institute of Public Administration
Date of publication, distribution, etc 2019
300 ## - PHYSICAL DESCRIPTION
Extent 103p.
500 ## - GENERAL NOTE
General note APPPA Dissertation, 2018-19 (Guide: Dr Anjali Dhengle)
650 ## - SUBJECT ADDED ENTRY--TOPICAL TERM
Topical term or geographic name as entry element Social media
9 (RLIN) 6368
650 ## - SUBJECT ADDED ENTRY--TOPICAL TERM
Topical term or geographic name as entry element Armed forces -- India
9 (RLIN) 6369
Holdings
Withdrawn status Lost status Source of classification or shelving scheme Damaged status Koha normalized classification for sorting Not for loan Permanent location Current location Date acquired Total Checkouts Full call number Barcode Checked out Date last seen Date last borrowed Price effective from Koha item type
        APPPA_201819SIN   Indian Institute of Public Administration Indian Institute of Public Administration 2019-06-17 1 APPPA 2018-19\SIN GR21068 2020-04-30 2019-12-20 2019-12-20 2019-06-17 GR

Powered by Koha